Countries Invaded by Nazi Germany in WWII - Statistics

General Stats
  • This quiz has been taken 105 times
  • The average score is 13 of 15
Answer Stats
Answer % Correct
France
98%
Poland
97%
Denmark
94%
Netherlands
93%
Norway
93%
Belgium
91%
Luxembourg
90%
Austria
89%
Soviet Union
86%
Italy
85%
Czechoslovakia
83%
Greece
80%
Hungary
77%
Yugoslavia
76%
Romania
72%
No matching quizzes found
Score Distribution
Percent of People with Each Score
Percentile by Number Answered
Your Score History
You have not taken this quiz